|
|
|
|
| LEADER |
00000nam2a2200000 4500 |
| 001 |
205851 |
| 005 |
20231101225315.0 |
| 035 |
|
|
|a (RuTPU)RU\TPU\book\224371
|
| 035 |
|
|
|a RU\TPU\book\224370
|
| 090 |
|
|
|a 205851
|
| 100 |
|
|
|a 20111216d1990 k y0rusy50 ca
|
| 101 |
0 |
|
|a rus
|
| 102 |
|
|
|a RU
|
| 105 |
|
|
|a a z 000zy
|
| 200 |
0 |
|
|a Т. 7: Высокотемпературные газоохлаждаемые реакторы (вопросы безопасности)
|
| 210 |
|
|
|d 1990
|
| 215 |
|
|
|a 130 с.
|c ил.
|
| 461 |
|
1 |
|0 (RuTPU)RU\TPU\book\224002
|t Атомная энергетика
|f Академия наук СССР (АН СССР), Всесоюзный институт научной и технической информации (ВИНИТИ)
|v Т. 7: Высокотемпературные газоохлаждаемые реакторы (вопросы безопасности)
|d 1976-1991
|s Атомная энергетика
|
| 606 |
|
|
|a Ядерная энергетика
|2 stltpush
|3 (RuTPU)RU\TPU\subj\21570
|9 46534
|
| 610 |
1 |
|
|a ядерные реакторы
|
| 610 |
1 |
|
|a газоохлаждаемые реакторы
|
| 610 |
1 |
|
|a безопасность
|
| 675 |
|
|
|a 621.039
|v 3
|
| 801 |
|
1 |
|a RU
|b 63413507
|c 20111215
|
| 801 |
|
2 |
|a RU
|b 63413507
|c 20180219
|g RCR
|
| 942 |
|
|
|c BK
|